Najbardziej wartościowe reprezentacje - Statystyki

Ogólne statystyki
  • Ten quiz został rozwiązany 57 razy
  • Średni wynik to 12 z 15
Statystyki odpowiedzi
Wartość Odpowiedź % Poprawnych
1,16 mld € Hiszpania
96%
1,26 mld € Anglia
94%
700,30 mln € Argentyna
94%
1,20 mld € Francja
94%
995,60 mln € Portugalia
91%
905,00 mln € Brazylia
89%
673,00 mln € Niemcy
89%
726,00 mln € Włochy
89%
702,50 mln € Holandia
81%
404,55 mln € Dania
69%
498,00 mln € Belgia
67%
456,20 mln € Norwegia
57%
446,80 mln € Urugwaj
52%
486,50 mln € Szwecja
50%
412,30 mln € Maroko
44%
Nie znaleziono quizów pasujących do podanych kryteriów
Rozkład punktacji
Procent ludzi z każdym wynikiem
Percentyl według liczby udzielonych odpowiedzi
Twoja historia wyników
Nie rozwiązałeś tego quizu